[Event "ESP-ch Rapid"]
[Site "Linares"]
[Date "2023.08.19"]
[Round "10"]
[White "Grigoryan, Karen H"]
[Black "Moreno Trujillo, Alejandro"]
[Result "1-0"]
[WhiteElo "2619"]
[BlackElo "2489"]
[PlyCount "64"]
[EventDate "2023.08.19"]
[EventType "swiss (rapid)"]
[EventRounds "10"]
[EventCountry "ESP"]
[SourceTitle "CBM 215 Extra"]
[Source "ChessBase"]
[SourceDate "2023.09.30"]
[SourceVersion "1"]
[SourceVersionDate "2023.09.30"]
[SourceQuality "1"]

1. e4 e6 2. d4 d5 3. Nc3 Nf6 4. e5 Nfd7 5. Nf3 c5 6. dxc5 Nc6 7. Bf4 Nxc5 8. Bd3 Be7 9. 0-0 a6 10. Ne2 g5 11. Bg3 h5 12. h3 Qb6 13. Qd2 g4 14. hxg4 hxg4 15. Nh2 Bd7 16. a3 0-0-0 17. b4 Nxd3 18. cxd3 Kb8 19. Qf4 Rh7 20. d4 Rdh8 21. Qxg4 Ka8 22. Rfd1 f6 23. f4 Be8 24. Qxe6 fxe5 25. fxe5 Bf7 26. Qf5 Bh5 27. Nf3 Rg7 28. Kf2 Bg6 29. Qf4 Be4 30. Rh1 Rf8 31. Qe3 Bg5 32. Qc3 Rgf7 1-0

[Event "ESP-ch Rapid"]
[Site "Linares"]
[Date "2023.08.19"]
[Round "6"]
[White "Moreno Trujillo, Alejandro"]
[Black "Martin Fuentes, Alberto"]
[Result "1-0"]
[WhiteElo "2489"]
[BlackElo "2388"]
[PlyCount "53"]
[EventDate "2023.08.19"]
[EventType "swiss (rapid)"]
[EventRounds "10"]
[EventCountry "ESP"]
[SourceTitle "CBM 215 Extra"]
[Source "ChessBase"]
[SourceDate "2023.09.30"]
[SourceVersion "1"]
[SourceVersionDate "2023.09.30"]
[SourceQuality "1"]

1. d4 Nf6 2. c4 c5 3. d5 b5 4. Nf3 bxc4 5. Nc3 d6 6. e4 g6 7. Bxc4 Bg4 8. e5 dxe5 9. Qa4+ Bd7 10. Qb3 Qb6 11. Nxe5 Bg7 12. 0-0 0-0 13. Re1 Bf5 14. h3 Nfd7 15. Nxd7 Bxd7 16. Rxe7 Bf6 17. Re1 Na6 18. Ne4 Bd4 19. Be3 Bf5 20. Bxa6 Qxa6 21. Nxc5 Bxc5 22. Bxc5 Rfd8 23. d6 Rab8 24. Qd5 Rxb2 25. Re7 Rf8 26. d7 Qa5 27. Re8 1-0

[Event "ESP-ch Rapid"]
[Site "Linares"]
[Date "2023.08.19"]
[Round "1"]
[White "Moreno Trujillo, Alejandro"]
[Black "Martin Galvez, Manuel"]
[Result "1-0"]
[WhiteElo "2489"]
[BlackElo "1750"]
[PlyCount "115"]
[EventDate "2023.08.19"]
[EventType "swiss (rapid)"]
[EventRounds "10"]
[EventCountry "ESP"]
[SourceTitle "CBM 215 Extra"]
[Source "ChessBase"]
[SourceDate "2023.09.30"]
[SourceVersion "1"]
[SourceVersionDate "2023.09.30"]
[SourceQuality "1"]

1. d4 c5 2. d5 e5 3. e4 d6 4. Nc3 Nf6 5. h3 Be7 6. Nf3 a6 7. a4 b6 8. Be3 0-0 9. Bd3 Nbd7 10. g4 Rb8 11. Qe2 Ra8 12. Rg1 Ne8 13. h4 Nc7 14. h5 Rb8 15. g5 b5 16. axb5 axb5 17. Nxb5 Nxb5 18. Bxb5 Qb6 19. c4 Rd8 20. Qd2 Nf8 21. b4 Nd7 22. g6 fxg6 23. hxg6 Nf6 24. gxh7+ Kh8 25. Ng5 Rf8 26. bxc5 dxc5 27. f3 Nh5 28. Qg2 Qf6 29. Ra7 Nf4 30. Qg3 Nd3+ 31. Ke2 Nf4+ 32. Kd2 Rb7 33. Ra6 Rb6 34. Ra8 Ng6 35. Kc2 Nf4 36. Ra7 Ne2 37. Qf2 Nxg1 38. Qxg1 Ba6 39. Ne6 Rfb8 40. Rxa6 Rxa6 41. Bxa6 Ra8 42. Bb5 Ra2+ 43. Kb3 Ra8 44. Qg4 Bf8 45. Bxc5 Bxc5 46. Nxc5 Qh6 47. Qg1 Qd2 48. Na4 Qd3+ 49. Nc3 Qxf3 50. d6 Rf8 51. d7 Kxh7 52. Qh2+ Kg8 53. Qxe5 Qd3 54. Qd5+ Qxd5 55. Nxd5 Kf7 56. c5 Ke6 57. c6 Rf3+ 58. Kc4 1-0

[Event "Madrid-chT Honor 2122"]
[Site "Madrid"]
[Date "2022.01.09"]
[Round "4.1"]
[White "Elissalt Cardenas, Hector"]
[Black "Moreno Trujillo, Alejandro"]
[Result "1/2-1/2"]
[WhiteElo "2290"]
[BlackElo "2493"]
[PlyCount "89"]
[EventDate "2021.11.27"]
[EventType "team-tourn"]
[EventRounds "14"]
[EventCountry "ESP"]
[SourceTitle "EXT 2024"]
[Source "ChessBase"]
[SourceDate "2023.10.10"]
[SourceVersion "1"]
[SourceVersionDate "2023.10.10"]
[SourceQuality "1"]
[WhiteTeam "Tajamar"]
[BlackTeam "Villalba 64"]
[WhiteTeamCountry "ESP"]
[BlackTeamCountry "ESP"]

1. c4 e6 2. Nc3 Nf6 3. Nf3 Bb4 4. Qc2 c5 5. a3 Ba5 6. e4 Nc6 7. Be2 0-0 8. 0-0 d5 9. d3 Bxc3 10. bxc3 dxe4 11. dxe4 e5 12. Rd1 Qc7 13. Nd2 Be6 14. Nf1 Ne8 15. Ne3 f6 16. Nd5 Qf7 17. Be3 b6 18. Rd2 Na5 19. Rad1 Nb7 20. f4 Ned6 21. f5 Bxd5 22. Rxd5 Rfd8 23. g4 Ne8 24. Qa4 Rxd5 25. cxd5 Ned6 26. Ba6 Qe8 27. Qc2 c4 28. Bxb7 Nxb7 29. a4 Nd6 30. Bc1 Qd7 31. Ba3 Nf7 32. Kg2 Kh8 33. h3 Rc8 34. Rb1 Nd8 35. a5 b5 36. a6 Nf7 37. Qf2 h6 38. Bb4 Kh7 39. Qe3 Qc7 40. Ra1 Kg8 41. h4 Qd7 42. Kf3 Qc7 43. Kg2 Qd7 44. Kf3 Qc7 45. Kg2 1/2-1/2

[Event "ESP-chT CECLUB Div2"]
[Site "Linares"]
[Date "2021.08.09"]
[Round "1.6"]
[White "Luque Saiz, Andres"]
[Black "Moreno Trujillo, Alejandro"]
[Result "1/2-1/2"]
[WhiteElo "2257"]
[BlackElo "2487"]
[PlyCount "119"]
[EventDate "2021.08.09"]
[EventType "team-swiss"]
[EventRounds "7"]
[EventCountry "ESP"]
[SourceTitle "CBM 203 Extra"]
[Source "ChessBase"]
[SourceDate "2021.09.30"]
[SourceVersion "1"]
[SourceVersionDate "2021.09.30"]
[SourceQuality "1"]
[WhiteTeam "Alaquas CC"]
[BlackTeam "Villalba 64 Miscasa"]
[WhiteTeamCountry "ESP"]
[BlackTeamCountry "ESP"]

1. e4 e6 2. d4 d5 3. Nd2 c5 4. Ngf3 cxd4 5. exd5 Qxd5 6. Bc4 Qd7 7. 0-0 Nc6 8. Nb3 Nf6 9. Nbxd4 Nxd4 10. Nxd4 a6 11. c3 Qc7 12. Qe2 Bd6 13. h3 0-0 14. Bd3 h6 15. Qf3 Be5 16. Re1 Bd7 17. Qe3 Bh2+ 18. Kh1 e5 19. Kxh2 exd4+ 20. Qf4 Qxf4+ 21. Bxf4 dxc3 22. bxc3 Bc6 23. Be5 Nd7 24. Bd4 Rfe8 25. Rad1 Nf8 26. Bf5 Ng6 27. Bxg6 fxg6 28. Be5 g5 29. Re3 Re6 30. Rde1 Rd8 31. Bd4 Rxe3 32. Rxe3 Kf7 33. Re5 g6 34. f3 Re8 35. Rxe8 Bxe8 36. Kg3 Ke6 37. Kf2 Bb5 38. Ke3 h5 39. g3 Bf1 40. h4 Kf5 41. hxg5 Kxg5 42. Bb6 Kf5 43. a4 Bc4 44. a5 Ke5 45. f4+ Kd5 46. Kf3 Bb3 47. Ke3 Ba4 48. Kd3 Bb5+ 49. Ke3 Bd7 50. Kd3 Bf5+ 51. Ke3 Kc4 52. Kd2 Be4 53. Ke3 Bd5 54. Kd2 Bc6 55. Kc2 Ba4+ 56. Kd2 Bb5 57. Bd8 Bd7 58. Bb6 Bf5 59. Bd8 Kd5 60. Ke3 1/2-1/2

[Event "Madrid-chT 2021"]
[Site "Madrid"]
[Date "2021.05.15"]
[Round "11.1"]
[White "Moreno Trujillo, Alejandro"]
[Black "Martinez Reyes, Pedro Ramon"]
[Result "1/2-1/2"]
[WhiteElo "2491"]
[BlackElo "2427"]
[PlyCount "118"]
[EventDate "2021.01.23"]
[EventType "team-tourn"]
[EventRounds "14"]
[EventCountry "ESP"]
[SourceTitle "EXT 2022"]
[Source "ChessBase"]
[SourceDate "2021.10.06"]
[SourceVersion "1"]
[SourceVersionDate "2021.10.06"]
[SourceQuality "1"]
[WhiteTeam "Villalba 64"]
[BlackTeam "Blanco y Negro"]
[WhiteTeamCountry "ESP"]
[BlackTeamCountry "ESP"]

1. d4 d5 2. Bf4 Nf6 3. e3 c5 4. c3 Nc6 5. Nd2 cxd4 6. exd4 a6 7. Bd3 Bg4 8. Ngf3 e6 9. 0-0 Bd6 10. Bxd6 Qxd6 11. Re1 0-0 12. a4 Rfe8 13. h3 Bh5 14. g4 Bg6 15. Bxg6 hxg6 16. Ne5 Nd7 17. Ndf3 Ndxe5 18. dxe5 Qc5 19. Qd3 d4 20. cxd4 Rad8 21. Rad1 Qb4 22. Qa3 Qxa3 23. bxa3 Rd5 24. Rb1 Re7 25. Rec1 Red7 26. Kg2 Nxd4 27. Rc8+ Rd8 28. Rxd8+ Rxd8 29. Nxd4 Rxd4 30. Rxb7 g5 31. Rb3 Rxa4 32. Re3 Kf8 33. Kg3 Ke7 34. h4 gxh4+ 35. Kxh4 Rf4 36. f3 f6 37. Kg3 Ra4 38. exf6+ Kxf6 39. Kf2 Kg5 40. Rxe6 Rxa3 41. Kg3 g6 42. Rd6 a5 43. Ra6 a4 44. Ra5+ Kf6 45. Kf4 g5+ 46. Ke4 Ra1 47. Ra6+ Kg7 48. Ra5 Kg6 49. Ra6+ Kg7 50. Kf5 Rf1 51. Ra7+ Kh6 52. Ra6+ Kg7 53. Kxg5 Rxf3 54. Rxa4 Rf7 55. Ra6 Rb7 56. Kh5 Rb5+ 57. g5 Rb7 58. Rc6 Ra7 59. Rb6 Rc7 1/2-1/2

[Event "Madrid-chT 2021"]
[Site "Madrid"]
[Date "2021.03.13"]
[Round "4.1"]
[White "Martinez Reyes, Pedro Ramon"]
[Black "Moreno Trujillo, Alejandro"]
[Result "0-1"]
[WhiteElo "2427"]
[BlackElo "2483"]
[PlyCount "33"]
[EventDate "2021.01.23"]
[EventType "team-tourn"]
[EventRounds "14"]
[EventCountry "ESP"]
[SourceTitle "EXT 2022"]
[Source "ChessBase"]
[SourceDate "2021.10.06"]
[SourceVersion "1"]
[SourceVersionDate "2021.10.06"]
[SourceQuality "1"]
[WhiteTeam "Blanco y Negro"]
[BlackTeam "Villalba 64"]
[WhiteTeamCountry "ESP"]
[BlackTeamCountry "ESP"]

1. e4 e6 2. d4 d5 3. Nc3 Nf6 4. e5 Nfd7 5. f4 c5 6. Nf3 Nc6 7. Be3 Be7 8. Qd2 0-0 9. 0-0-0 c4 10. f5 b5 11. fxe6 fxe6 12. Nxb5 Rb8 13. Nd6 Bxd6 14. exd6 Nf6 15. c3 Qa5 16. a3 Bd7 17. Qc2 0-1

[Event "ESP-chT CECLUB Div2"]
[Site "Linares"]
[Date "2020.08.26"]
[Round "4.1"]
[White "Bustos Bernardo, Samuel"]
[Black "Moreno Trujillo, Alejandro"]
[Result "1/2-1/2"]
[WhiteElo "2181"]
[BlackElo "2496"]
[PlyCount "137"]
[EventDate "2020.08.24"]
[EventType "team-tourn"]
[EventRounds "6"]
[EventCountry "ESP"]
[SourceTitle "CBM 198 Extra"]
[Source "ChessBase"]
[SourceDate "2020.11.30"]
[SourceVersion "1"]
[SourceVersionDate "2020.11.30"]
[SourceQuality "1"]
[WhiteTeam "Bargas Fundacion Soliss"]
[BlackTeam "Villalba 64 Miscasa"]
[WhiteTeamCountry "ESP"]
[BlackTeamCountry "ESP"]

1. Nf3 Nf6 2. g3 d5 3. Bg2 g6 4. b3 Bg7 5. Bb2 b6 6. c4 e6 7. 0-0 0-0 8. d4 Bb7 9. Ne5 Nbd7 10. Nxd7 Qxd7 11. Nc3 Ne4 12. Rc1 f5 13. e3 Rac8 14. Qc2 c6 15. Ne2 g5 16. a4 Ba6 17. Rfe1 Rfd8 18. Qb1 Nd6 19. Ba3 Bf8 20. cxd5 cxd5 21. Nc3 Ne4 22. Nxe4 fxe4 23. Qb2 Bg7 24. Rxc8 Rxc8 25. Rc1 Rc7 26. Bh3 Kf7 27. Bf1 Bxf1 28. Kxf1 Kg6 29. Rxc7 Qxc7 30. Qc1 Qxc1+ 31. Bxc1 Kf5 32. Ba3 a6 33. h3 g4 34. hxg4+ Kxg4 35. Kg2 e5 36. dxe5 Bxe5 37. Be7 d4 38. exd4 Bxd4 39. Bf8 b5 40. axb5 axb5 41. Bh6 Bc5 42. Bd2 Bb6 43. Bh6 Bd4 44. Bd2 h5 45. Bh6 Bb6 46. Bd2 Bc5 47. Bh6 Be7 48. Be3 h4 49. gxh4 Bxh4 50. Bb6 Bg5 51. Ba7 Bd2 52. Bb6 Bc1 53. Ba7 Bb2 54. Be3 Be5 55. Bb6 Bf4 56. Ba7 Bd2 57. Bb6 Kf4 58. Bc7+ Kf5 59. Kf1 Bf4 60. Bb6 Ke6 61. Ke2 Kd5 62. Ba7 Be5 63. Be3 Bf6 64. f3 exf3+ 65. Kxf3 Bd4 66. Bh6 Bg1 67. Ke2 Kc5 68. Bf8+ Kc6 69. Kd3 1/2-1/2

[Event "ESP-chT CECLUB Div2"]
[Site "Linares"]
[Date "2020.08.25"]
[Round "2.1"]
[White "Bernabeu Lopez, Carlos Javier"]
[Black "Moreno Trujillo, Alejandro"]
[Result "1/2-1/2"]
[WhiteElo "2365"]
[BlackElo "2496"]
[PlyCount "67"]
[EventDate "2020.08.24"]
[EventType "team-tourn"]
[EventRounds "6"]
[EventCountry "ESP"]
[SourceTitle "CBM 198 Extra"]
[Source "ChessBase"]
[SourceDate "2020.11.30"]
[SourceVersion "1"]
[SourceVersionDate "2020.11.30"]
[SourceQuality "1"]
[WhiteTeam "Reina Brillante"]
[BlackTeam "Villalba 64 Miscasa"]
[WhiteTeamCountry "ESP"]
[BlackTeamCountry "ESP"]

1. d4 d5 2. c4 c6 3. Nf3 Nf6 4. e3 Bf5 5. Bd3 Bxd3 6. Qxd3 e6 7. 0-0 Nbd7 8. Nbd2 Be7 9. e4 dxc4 10. Qxc4 c5 11. dxc5 Nxc5 12. e5 Nd5 13. Qg4 g6 14. Nc4 h6 15. Qd4 Kf8 16. Nd6 Qb6 17. Nc4 Qc6 18. Nd6 b6 19. b4 Nb7 20. b5 Qd7 21. Nxb7 Qxb7 22. h4 Kg7 23. h5 g5 24. Bd2 Rhd8 25. Qe4 Qd7 26. a4 a6 27. Nd4 Nc7 28. Be3 axb5 29. Nc6 Rdc8 30. axb5 Rxa1 31. Rxa1 Nxb5 32. Nxe7 Qxe7 33. Bxb6 Rb8 34. Be3 1/2-1/2

[Event "Madrid-chT 1920 Honor"]
[Site "Madrid"]
[Date "2020.03.08"]
[Round "12.1"]
[White "Reyes Penas, Sebastian"]
[Black "Moreno Trujillo, Alejandro"]
[Result "0-1"]
[WhiteElo "2266"]
[BlackElo "2499"]
[PlyCount "70"]
[EventDate "2019.11.24"]
[EventType "team-tourn"]
[EventRounds "12"]
[EventCountry "ESP"]
[SourceTitle "EXT 2021"]
[Source "ChessBase"]
[SourceDate "2020.10.23"]
[SourceVersion "1"]
[SourceVersionDate "2020.10.23"]
[SourceQuality "1"]
[WhiteTeam "San Sebastian de los Reyes"]
[BlackTeam "Villalba 64"]
[WhiteTeamCountry "ESP"]
[BlackTeamCountry "ESP"]

1. e4 e6 2. d4 d5 3. Nc3 Bb4 4. e5 c5 5. dxc5 Nc6 6. Nf3 Nge7 7. Bd3 Ng6 8. 0-0 Bxc5 9. Bxg6 fxg6 10. Bf4 0-0 11. Bg3 g5 12. h3 Kh8 13. Qd2 h6 14. Ne2 Bd7 15. Ned4 Qe7 16. c3 Be8 17. b4 Bb6 18. a4 a5 19. b5 Nb8 20. Qd3 Nd7 21. Nb3 Rc8 22. Nfd2 Nc5 23. Qc2 Bh5 24. Nxc5 Qxc5 25. Rac1 Rc7 26. Kh1 Rfc8 27. Qb3 Bg6 28. Rfe1 Qf8 29. f3 Qf5 30. c4 Qd3 31. Rc3 Qxd2 32. Rd1 dxc4 33. Rxc4 Bc2 34. Rxd2 Bxb3 35. Rxc7 Rxc7 0-1

[Event "Madrid-chT 1920 Honor"]
[Site "Madrid"]
[Date "2020.02.22"]
[Round "10.1"]
[White "Martinez Reyes, Pedro Ramon"]
[Black "Moreno Trujillo, Alejandro"]
[Result "1-0"]
[WhiteElo "2407"]
[BlackElo "2505"]
[PlyCount "81"]
[EventDate "2019.11.24"]
[EventType "team-tourn"]
[EventRounds "12"]
[EventCountry "ESP"]
[SourceTitle "EXT 2021"]
[Source "ChessBase"]
[SourceDate "2020.10.23"]
[SourceVersion "1"]
[SourceVersionDate "2020.10.23"]
[SourceQuality "1"]
[WhiteTeam "Blanco y Negro"]
[BlackTeam "Villalba 64"]
[WhiteTeamCountry "ESP"]
[BlackTeamCountry "ESP"]

1. e4 e6 2. d4 d5 3. Nd2 dxe4 4. Nxe4 Nd7 5. Nf3 Ngf6 6. Nxf6+ Nxf6 7. c3 Be7 8. Bd3 c5 9. dxc5 Bxc5 10. 0-0 0-0 11. Bg5 h6 12. Bh4 Qc7 13. Bg3 Qb6 14. Ne5 Nd5 15. Qe2 f5 16. Ng6 Rf6 17. Nf4 Bd7 18. Bc4 Nxf4 19. Bxf4 Re8 20. Rad1 Bc6 21. Kh1 Kh7 22. b4 Be7 23. b5 Bd5 24. Bxd5 exd5 25. Rxd5 Rd8 26. Qc4 Qe6 27. Rfd1 Rff8 28. h3 Bf6 29. Qd3 Rxd5 30. Qxd5 Qc8 31. Qd7 Qxc3 32. Qxf5+ Kh8 33. Qe4 Qb2 34. Qxb7 Qxf2 35. Bh2 Qxa2 36. Bg1 Qb3 37. Rf1 Qc4 38. Re1 Qa2 39. Qxa7 Qb3 40. b6 g6 41. Rf1 1-0

[Event "ESP-chT CECLUB Div2"]
[Site "Linares"]
[Date "2019.08.20"]
[Round "2.2"]
[White "Ayats Llobera, Gerard"]
[Black "Moreno Trujillo, Alejandro"]
[Result "1/2-1/2"]
[WhiteElo "2377"]
[BlackElo "2519"]
[PlyCount "71"]
[EventDate "2019.08.19"]
[EventType "team-swiss"]
[EventRounds "7"]
[EventCountry "ESP"]
[SourceTitle "EXT 2020"]
[Source "ChessBase"]
[SourceDate "2019.10.17"]
[SourceVersion "1"]
[SourceVersionDate "2019.10.17"]
[SourceQuality "1"]
[WhiteTeam "Barcelona CE"]
[BlackTeam "Villalba 64"]
[WhiteTeamCountry "ESP"]
[BlackTeamCountry "ESP"]

1. Nf3 d5 2. b3 Bf5 3. Bb2 e6 4. g3 h6 5. Bg2 Nf6 6. 0-0 Be7 7. d3 0-0 8. Nbd2 Bh7 9. Re1 c5 10. e4 Nc6 11. exd5 Nxd5 12. Nc4 Bf6 13. Bxf6 Qxf6 14. Nfe5 Nxe5 15. Nxe5 Rad8 16. Qd2 Qe7 17. Bxd5 Rxd5 18. f4 Qc7 19. a4 Rfd8 20. Re2 Kf8 21. Rae1 f6 22. Nc4 Bg8 23. g4 Bf7 24. Rg2 Rd4 25. g5 Rxf4 26. gxh6 gxh6 27. Rg3 Rd5 28. Re4 Rd4 29. Rxd4 cxd4 30. Qb4+ Qe7 31. Nd6 Rf5 32. Rg7 a5 33. Qa3 Rg5+ 34. Rxg5 hxg5 35. Qc5 e5 36. Qc8+ 1/2-1/2

[Event "ESP-chT CECLUB Div2"]
[Site "Linares"]
[Date "2019.08.19"]
[Round "1.2"]
[White "Moreno Trujillo, Alejandro"]
[Black "Alvarez Fernandez, Enrique"]
[Result "1/2-1/2"]
[WhiteElo "2519"]
[BlackElo "2335"]
[PlyCount "102"]
[EventDate "2019.08.19"]
[EventType "team-swiss"]
[EventRounds "7"]
[EventCountry "ESP"]
[SourceTitle "EXT 2020"]
[Source "ChessBase"]
[SourceDate "2019.10.17"]
[SourceVersion "1"]
[SourceVersionDate "2019.10.17"]
[SourceQuality "1"]
[WhiteTeam "Villalba 64"]
[BlackTeam "Salcedo CC"]
[WhiteTeamCountry "ESP"]
[BlackTeamCountry "ESP"]

1. d4 d5 2. c4 c6 3. Nf3 Nf6 4. cxd5 cxd5 5. Nc3 Nc6 6. Bf4 a6 7. Rc1 Bf5 8. e3 Rc8 9. Be2 e6 10. 0-0 Nd7 11. Na4 Be7 12. Nc5 e5 13. Bg3 Nxc5 14. dxc5 f6 15. Nh4 Be6 16. Bg4 Qd7 17. Bxe6 Qxe6 18. Qh5+ Qf7 19. Qg4 0-0 20. Nf5 Kh8 21. Rfd1 Rcd8 22. f3 Rfe8 23. Nxe7 Rxe7 24. Qa4 Red7 25. Qb3 Kg8 26. a3 d4 27. Qxf7+ Kxf7 28. e4 g5 29. Be1 Rc8 30. b4 Nd8 31. Bd2 Ne6 32. Kf2 Rdc7 33. Ke2 h5 34. g3 h4 35. gxh4 Rh8 36. hxg5 Rxh2+ 37. Kd3 fxg5 38. Rh1 Rxh1 39. Rxh1 Kg6 40. Kc4 Rd7 41. a4 Rd8 42. Rg1 Kf6 43. Rh1 Kg6 44. Rh2 Rd7 45. Rg2 Kf6 46. Rh2 Kg6 47. Rh1 Rd8 48. Rb1 Rc8 49. Kd5 Kf6 50. Rh1 Rd8+ 51. Kc4 Kg6 1/2-1/2

[Event "Madrid-chT 1819"]
[Site "Madrid"]
[Date "2018.12.01"]
[Round "3.1"]
[White "Moreno Trujillo, Alejandro"]
[Black "Valles Moreno, Ivan"]
[Result "1/2-1/2"]
[WhiteElo "2521"]
[BlackElo "2413"]
[PlyCount "70"]
[EventDate "2018.11.17"]
[EventType "team-tourn"]
[EventRounds "14"]
[EventCountry "ESP"]
[SourceTitle "CBM 189 Extra"]
[Source "ChessBase"]
[SourceDate "2019.06.03"]
[SourceVersion "1"]
[SourceVersionDate "2019.06.03"]
[SourceQuality "1"]
[WhiteTeam "Villalba 64"]
[BlackTeam "Liberty Chess"]
[WhiteTeamCountry "ESP"]
[BlackTeamCountry "ESP"]

1. d4 d6 2. Nf3 Nf6 3. c4 g6 4. Nc3 Bf5 5. d5 Bg7 6. Nd4 Bd7 7. g3 c5 8. Nc2 Na6 9. Bg2 Nc7 10. a4 0-0 11. h3 Rb8 12. 0-0 b6 13. Bd2 a6 14. b4 e6 15. Rb1 exd5 16. cxd5 Nh5 17. Na3 b5 18. axb5 axb5 19. Nc2 c4 20. e3 f5 21. Ne2 Nf6 22. Bc3 Qe7 23. Bd4 Ne4 24. Kh2 Ra8 25. f3 Nf6 26. Nc3 Nh5 27. f4 Bxd4 28. Qxd4 Qg7 29. Ra1 Qxd4 30. Nxd4 Nf6 31. Kg1 Rfe8 32. Kf2 h5 33. Bf3 Kg7 34. Nc2 Rec8 35. Rfb1 Kf7 1/2-1/2

[Event "ESP-ch rapid"]
[Site "Linares"]
[Date "2018.08.19"]
[Round "7"]
[White "Moreno Trujillo, Alejandro"]
[Black "Merario Alarcon, Andres"]
[Result "1-0"]
[WhiteElo "2497"]
[BlackElo "2406"]
[PlyCount "155"]
[EventDate "2018.08.19"]
[EventType "swiss (rapid)"]
[EventRounds "9"]
[EventCountry "ESP"]
[SourceTitle "CBM 186 Extra"]
[Source "ChessBase"]
[SourceDate "2018.08.24"]
[SourceVersion "1"]
[SourceVersionDate "2018.08.24"]
[SourceQuality "1"]

1. d4 d5 2. c4 e6 3. Nc3 c6 4. e3 Nf6 5. Nf3 Nbd7 6. Qc2 Bd6 7. Be2 0-0 8. 0-0 Re8 9. Rd1 Qe7 10. b3 b6 11. Bb2 Bb7 12. Rac1 Rad8 13. h3 h6 14. Bd3 e5 15. cxd5 cxd5 16. dxe5 Nxe5 17. Be2 Nxf3+ 18. Bxf3 Be5 19. Nb5 Rc8 20. Qb1 Bxb2 21. Qxb2 a6 22. Nd4 Rc5 23. b4 Rxc1 24. Rxc1 Qd7 25. a3 Ne4 26. Bg4 Qd8 27. Nf5 Nf6 28. Bf3 Bc8 29. Nd4 Bd7 30. Qe2 Qa8 31. Rc7 Rc8 32. Qc2 Qb8 33. Rxc8+ Qxc8 34. Qxc8+ Bxc8 35. Kf1 Kf8 36. Ke2 Bd7 37. Kd2 Ke7 38. Kc3 Kd6 39. Ne2 Ne8 40. Nd4 Nc7 41. h4 g5 42. g3 f6 43. Be2 a5 44. bxa5 bxa5 45. Nb3 a4 46. Nd4 Kc5 47. Bd3 Nb5+ 48. Bxb5 Bxb5 49. Nf5 gxh4 50. Nxh4 Bd7 51. Ng6 Be6 52. Nf4 Bf7 53. Nd3+ Kd6 54. Kd4 Bg6 55. Nf4 Be4 56. Ne2 Bc2 57. Nc3 Bb3 58. Ne2 Bc4 59. Nf4 Bb3 60. Nh5 Ke6 61. Ng7+ Kf7 62. Nf5 h5 63. Nh4 Ke6 64. Ng2 Kf5 65. f3 Bd1 66. Ne1 Ke6 67. Kc3 Ke5 68. Kd2 Bb3 69. Nd3+ Kf5 70. Nc5 Ke5 71. Nxb3 axb3 72. Kc3 f5 73. a4 d4+ 74. exd4+ Kd5 75. f4 b2 76. Kxb2 Kxd4 77. a5 Kc5 78. Kc3 1-0

[Event "ESP-ch rapid"]
[Site "Linares"]
[Date "2018.08.19"]
[Round "4"]
[White "Tejedor Fuente, Enrique"]
[Black "Moreno Trujillo, Alejandro"]
[Result "0-1"]
[WhiteElo "2408"]
[BlackElo "2497"]
[PlyCount "126"]
[EventDate "2018.08.19"]
[EventType "swiss (rapid)"]
[EventRounds "9"]
[EventCountry "ESP"]
[SourceTitle "CBM 186 Extra"]
[Source "ChessBase"]
[SourceDate "2018.08.24"]
[SourceVersion "1"]
[SourceVersionDate "2018.08.24"]
[SourceQuality "1"]

1. e4 e6 2. d4 d5 3. Nd2 dxe4 4. Nxe4 Nd7 5. Nf3 Ngf6 6. Bd3 Nxe4 7. Bxe4 Nf6 8. Bg5 Qd6 9. Bxf6 gxf6 10. Qe2 Bd7 11. 0-0-0 0-0-0 12. Kb1 Kb8 13. d5 Qb6 14. dxe6 Ba3 15. c3 fxe6 16. Nd4 Bd6 17. Bd3 Be5 18. Bc4 Bc8 19. Qe3 Rd6 20. Nf3 Qxe3 21. fxe3 Rxd1+ 22. Rxd1 Bd6 23. Rd4 Bc5 24. Rf4 f5 25. e4 e5 26. Nxe5 Bd6 27. Nf7 Bxf4 28. Nxh8 Bxh2 29. exf5 Bxf5+ 30. Kc1 Bf4+ 31. Kd1 Be4 32. Ke2 Bxg2 33. Bd3 h5 34. Kf2 Bd5 35. Ng6 Bc1 36. b3 a5 37. Kg3 Bd2 38. c4 Be6 39. Be2 Be1+ 40. Kg2 h4 41. Nf4 Bf5 42. Bd3 Bg4 43. Be4 Ka7 44. Nd3 Bg3 45. a3 Bd6 46. c5 Be7 47. b4 a4 48. c6 b6 49. Ne5 Be6 50. Nf3 Bf6 51. Bc2 b5 52. Nd2 h3+ 53. Kh1 Bb2 54. Ne4 Bxa3 55. Nc3 Kb6 56. Bd3 Bxb4 57. Nxb5 Bd5+ 58. Kh2 Bg2 59. Kg1 Bc5+ 60. Kh2 Bd6+ 61. Nxd6 cxd6 62. Bg6 a3 63. Bb1 Kxc6 0-1

[Event "ESP-chT CECLUB Div2"]
[Site "Linares"]
[Date "2018.08.15"]
[Round "2.3"]
[White "Navarro Ortiz de Orruno, Borja"]
[Black "Moreno Trujillo, Alejandro"]
[Result "0-1"]
[WhiteElo "2287"]
[BlackElo "2497"]
[PlyCount "144"]
[EventDate "2018.08.14"]
[EventType "team-swiss"]
[EventRounds "7"]
[EventCountry "ESP"]
[SourceTitle "CBM 186 Extra"]
[Source "ChessBase"]
[SourceDate "2018.08.24"]
[SourceVersion "1"]
[SourceVersionDate "2018.08.24"]
[SourceQuality "1"]
[WhiteTeam "Beniajan Duochess CAC II"]
[BlackTeam "Villalba 64"]
[WhiteTeamCountry "ESP"]
[BlackTeamCountry "ESP"]

1. d4 Nf6 2. Nf3 d5 3. e3 c6 4. Bd3 Bg4 5. c4 e6 6. Qb3 Qb6 7. Ne5 Bh5 8. Nc3 Nbd7 9. f4 Nxe5 10. fxe5 dxc4 11. Qxc4 Nd5 12. a3 Qc7 13. 0-0 Be7 14. Bd2 0-0 15. Rac1 Rac8 16. Qb3 Nxc3 17. Rxc3 Qd7 18. Qa4 a6 19. Rcc1 f6 20. exf6 Rxf6 21. Rxf6 Bxf6 22. Qc2 h6 23. Bc4 Bf7 24. Ba2 e5 25. Bb1 g6 26. Rf1 Bg7 27. dxe5 Bxe5 28. Bc3 Re8 29. Bxe5 Rxe5 30. Qf2 Qe7 31. Re1 Kg7 32. h3 Qc5 33. Kh1 Qe7 34. Qf4 Qf6 35. Qd4 Re7 36. Qd2 Bd5 37. e4 Bf7 38. Rd1 Bb3 39. Re1 Qe5 40. Rf1 Rf7 41. Rxf7+ Bxf7 42. Kg1 c5 43. Kf2 g5 44. Qe2 Qd4+ 45. Kg3 Bc4 46. Qc2 Qe5+ 47. Kf2 Qf4+ 48. Kg1 Qe3+ 49. Kh2 Bb3 50. Qc3+ Qxc3 51. bxc3 Kf6 52. Kg3 Ke5 53. h4 Be6 54. hxg5 hxg5 55. Kf3 b5 56. Ke3 a5 57. g3 b4 58. cxb4 cxb4 59. axb4 axb4 60. Kd3 Bb3 61. Ke3 Bc4 62. Kf3 Be6 63. Ke3 Bc4 64. Kf3 Kd4 65. Kg4 b3 66. Kxg5 Bd3 67. Bxd3 Kxd3 68. e5 b2 69. e6 b1Q 70. e7 Qb8 71. Kf6 Qg8 72. g4 Kd4 0-1